| 000 | 00553cam a22001451 4500 | ||
|---|---|---|---|
| 082 |
_a954 _bSAM |
||
| 100 | 1 |
_aSamuelson, James, _950361 |
|
| 245 | 1 | 0 |
_aIndia, past and present, historical, social and political. _cIllus. with photos. by Bourne and Shepherd and other well-known professional and amateur photographers. |
| 260 |
_aLondon, _bTrübner, _c1890. |
||
| 300 |
_axiii, 390 p. _bplates, ports., fold. col. map. _c23 cm. |
||
| 500 | _aAddendum slip inserted. | ||
| 526 |
_a0 _b0 _c0 _d954_000000000000000_SAM |
||
| 650 |
_aMCE _9379 |
||
| 942 |
_2ddc _cBK |
||
| 999 |
_c553088 _d553088 |
||